000 00649nam a2200217Ia 4500
003 GCL
008 140319s9999 xx 000 0 ara d
040 _aGCL /
_cGCL
082 0 4 _a811.3
_bا ش
100 1 _aشوقى ضيف
245 1 0 _aشعر الاحوص الانصارى /
_cشوقى ضيف
700 1 _aالاحوص، عبدالله بن محمد بن ع
700 1 _aعادل سليمان جمال
260 _a[S.N] :
_bمكتبة الخانجى ،
_c1990
300 _a412 ص
490 _a
650 0 4 _aالشعر العربى
650 0 4 _aالادب العربى
650 0 4 _aدواوين وقصائد
942 _2ddc
_cBK
999 _c36817
_d36817